| 000 | 04081nam a2200325 a 4500 | ||
|---|---|---|---|
| 001 | 991017784717007486 | ||
| 005 | 20260417155325.0 | ||
| 008 | 251021s2025 sp do frf 000 0 spa d | ||
| 020 | _a9788418636356 | ||
| 040 |
_aCO-BoBLA _bspa _cCO-BoBLA _erda |
||
| 041 | 0 | _aspa | |
| 082 | 0 | 4 |
_a636.089 _bM927e |
| 100 |
_aMouly, Javier _eAutor _91123 |
||
| 245 | 1 | 0 |
_aEmergencias y cuidados críticos en el gato / _cJavier Mouly, Pablo Donati. |
| 264 | 1 |
_aBarcelona : _bMultimédica Ediciones Veterinarias, _c2025. |
|
| 300 |
_a361 páginas : _bgráficos, fotografías ; _c29 cm. |
||
| 336 |
_atexto _btxt _2rdacontent |
||
| 337 |
_asin mediación _bn _2rdamedia |
||
| 338 |
_avolumen _bnc _2rdacarrier |
||
| 504 | _aIncluye bibliografía al final de cada capítulo. | ||
| 505 | _aÍndice. Sección I Consideraciones de monitoreo y terapia de paciente crítico. -- Capítulo 1. Farmacología asociada a la medicina critica. -- capítulo 2. Sedación y analgesia e urgencias y cuidados críticos. -- Capítulo 3. Resucitación cardiopulmonar. -- Capítulo 4. Ultrasonografía en urgencias y cuidados intensivos. Sección II Shock -- Capítulo 5. Shock hipovolémico. -- Capítulo 6. Shock anafiláctico. -- Capítulo 7. Sepsis shock séptico. -- Capítulo8. Shock cardiogénico. Sección III Respiratorio -- Capítulo 9. Insuficiencia respiratoria, fisiopatológica y abordaje terapéutico. -- Capítulo 10. Asistencia ventilatoria mecánica. -- Capítulo 11. Patologías respiratorias especificas. Sección IV Cardiovascular -- Capítulo 12. Aproximación al felino con falla cardíaca. -- Capítulo 13. Eventos cardiovasculares graves. Sección V Trauma -- Capítulo 14. Shock traumático. -- Capítulo 15. Traumatismo encefalocraneano (TEC). -- Capítulo 16. Traumatismo espinal exógeno (TEE). -- Capítulo 17. Trauma abdominal (TA) y pélvico. -- Capítulo 18. Trauma torácico (TT). Sección VI Fluidoterapia Capítulo 19. Fluidoterapia y manejo del medio interno en felinos. Sección VII Gastrointestinal -- Capítulo 20. Lipidosis hepática (LH). -- Capítulo 21. Encefalopatía hepática (EH) y signos neurológicos posteriores a la atenuación (PANS). -- Capítulo 22. Triaditis felina. -- Capítulo 23. Nutrición en pacientes hospitalizados. Sección VIII Nefrourinario y reproductor. -- Capítulo 24. Uropatía obstructiva superior felina. Capítulo 25. Enfermedad del tracto urinario interior felino obstructivo, obstrucción urinaria baja.-- Capítulo 26. Enfermedad renal aguda en el gato. -- Capítulo 27. Enfermedad renal crónica (ERC) descompensada en la UCI. -- Capítulo 28. Distocia y manejo neonatal en la hembra felina. Sección IX Endocrino. -- Capítulo 29. Cetoacidosis diabética (CAD). -- Capítulo 30. Tormenta tiroidea. -- Capítulo 31. Hiperaldosteronismo primario felino. Sección X Neurología . -- Capítulo 32. estado epiléptico y convulsiones agrupadas. Sección XI Oftalmología . -- Capítulo 33. Urgencias oftalmológicas. Sección XII Hematología.-- Capítulo 34. Emergencias hematológicas. Sección XIII Toxicología. -- Capítulo 35. Intoxicaciones agudas. Sección XIV Oncología. -- Capítulo 36. Urgencias oncológicas. Sección XV Neonatología. -- Capítulo 37. Urgencias neonatológicas. | ||
| 520 | _aObra que aborda el manejo clínico de emergencias y cuidados críticos en el gato doméstico. Presenta los principales síndromes de urgencia en medicina felina, así como los procedimientos diagnósticos y terapéuticos necesarios para la estabilización del paciente. Incluye orientación sobre monitoreo, soporte vital y tratamiento en situaciones críticas, dirigida a médicos veterinarios y estudiantes de medicina veterinaria. | ||
| 598 | _a1 | ||
| 650 | 7 |
_aMedicina veterinaria _vManuales _2BLAAUTO |
|
| 650 | 7 |
_aEmergencias veterinarias _vManuales. _2BLAAUTO |
|
| 650 | 7 |
_aCuidados intensivos veterinarios _vManuales. _2BLAAUTO |
|
| 650 | 7 |
_aEnfermedades de los gatos _xDiagnóstico y tratamiento _vManuales. _2BLAAUTO |
|
| 700 | 2 |
_aDonati, Pablo _eorg _91124 |
|
| 942 |
_cBK _n0 |
||
| 999 |
_c37908 _d37908 |
||